Comuni della Provincia di Lodi - Statistics

Statistiche generali
  • Questo quiz è stato fatto 187 volte
    123 dall'ultimo reset
  • Il punteggio medio è 28 su 60
Statistiche sulle risposte
Comune % Corretto
Lodi
92%
Casalpusterlengo
84%
Codogno
84%
Lodi Vecchio
79%
Sant'Angelo Lodigiano
76%
Borghetto Lodigiano
63%
Maleo
61%
Tavazzano con Villavesco
58%
Pieve Fissiraga
55%
Somaglia
55%
Zelo Buon Persico
55%
Casalmaiocco
53%
San Martino in Strada
53%
Casaletto Lodigiano
50%
Castiglione d'Adda
50%
Montanaso Lombardo
50%
Mulazzano
50%
Ossago Lodigiano
50%
Secugnago
50%
Abbadia Cerreto
47%
Castiraga Vidardo
47%
Orio Litta
47%
Ospedaletto Lodigiano
47%
Sordio
47%
Caselle Landi
45%
Castelnuovo Bocca d'Adda
45%
Cervignano d'Adda
45%
Comazzo
45%
Fombio
45%
Graffignana
45%
Massalengo
45%
Salerano sul Lambro
45%
Cornegliano Laudense
42%
Livraga
42%
San Rocco al Porto
42%
Valera Fratta
42%
Corno Giovine
39%
Corte Palasio
39%
Guardamiglio
39%
Merlino
39%
Santo Stefano Lodigiano
39%
Borgo San Giovanni
37%
Brembio
37%
Caselle Lurani
37%
Cavenago d'Adda
37%
Cornovecchio
37%
Maccastorna
37%
Terranova dei Passerini
37%
Boffalora d'Adda
34%
Crespiatica
34%
Galgagnano
34%
Mairago
34%
Marudo
34%
Senna Lodigiana
34%
Bertonico
32%
San Fiorano
32%
Villanova del Sillaro
32%
Turano Lodigiano
29%
Castelgerundo
26%
Meleti
26%
Nessun quiz corrispondente trovato
Distribuzione punteggi
Percentuale di utenti per punteggio
Percentile per numero di risposta
I tuoi punteggi nel tempo
Non hai fatto questo quiz dall'ultimo reset